书目信息 |
| 题名: |
全国中兽医经验选编
|
|
| 作者: | 《全国中兽医经验选编》编审组编 | |
| 分册: | ||
| 出版信息: | 北京 科学出版社 1977 |
|
| 页数: | 614页 | |
| 开本: | 26cm | |
| 丛书名: | ||
| 单 册: | ||
| 中图分类: | S853.25-53 | |
| 科图分类: | ||
| 主题词: | 中兽医-临床--经验--文集 , 临床-中兽医--经验--文集 | |
| 电子资源: | ||
| ISBN: | 16031.44 | |
| 000 | 00662nam0 2200229 450 | |
| 001 | 0177003055 | |
| 005 | 20100712215300.0 | |
| 010 | @a16031.44@dCNY3.90 | |
| 091 | @a16031.44 | |
| 100 | @a19951024d1977 em y0chiy0110 ea | |
| 101 | 0 | @achi |
| 102 | @aCN@b110000 | |
| 105 | @ay z 000yy | |
| 106 | @ar | |
| 200 | 1 | @a全国中兽医经验选编@9Quan Guo Zhong Shou Yi Jing Yan Xuan Bian @f《全国中兽医经验选编》编审组编 |
| 210 | @a北京@c科学出版社@d1977 | |
| 215 | @a614页@d26cm | |
| 606 | 0 | @a中兽医-临床@x经验@x文集 |
| 606 | 0 | @a临床-中兽医@x经验@x文集 |
| 690 | @aS853.25-53@v3 | |
| 801 | 0 | @aCN@bAzMarc@c20130904 |
| 905 | @aBZT@dS853.25-53@e1@f1@sS853.25-53/1 | |
| 全国中兽医经验选编/《全国中兽医经验选编》编审组编.-北京:科学出版社,1977 |
| 614页;26cm |
| ISBN 16031.44:CNY3.90 |
| ● |
| 相关链接 |
|
|
|
正题名:全国中兽医经验选编
索取号:S853.25-53/1
 
预约/预借
| 序号 | 登录号 | 条形码 | 馆藏地/架位号 | 状态 | 备注 |
| 1 | 2000077968 | 2000077968 | 旧书回溯/ [索取号:S853.25-53/1] | 在馆 |